O procedimento de manifestação de interesse à luz do ordenamento jurídico brasileiro / (Record no. 299)

MARC details
000 -LÍDER
Campo Fixo de Controle 00974cam a2200277 a 4500
001 - NÚMERO DE CONTROLE
Campo de Controle 299
003 - IDENTIFICAÇÃO DO NÚMERO DE CONTROLE
Campo de Controle BR-CuiBMT
005 - DATA E HORA DA ÚLTIMA ATUALIZAÇÃO
Campo de Controle 20231114222301.0
008 - DADOS FIXOS
Dados Fixos 230927s2015 mgba 000 0 por d
020 ## - INTERNATIONAL STANDARD BOOK NUMBER
Nº do ISBN 9788545000365
040 ## - AGÊNCIA CATALOGADORA
Código da Agência Catalogadora BR-CuiBMT
Agência que transcreveu o registro BR-CuiBMT
080 ## - Nº DA CLASSIFICAÇÃO DECIMAL UNIVERSAL
Nº edição CDU 2007
Nº Class. CDU 342.97
Subd. Auxiliar Comum (81)
090 ## - NÚMERO DE CHAMADA
Nº classificação 342.97(81)
Cutter P963
245 02 - TÍTULO PRINCIPAL
Título principal O procedimento de manifestação de interesse à luz do ordenamento jurídico brasileiro /
Indicação de responsabilidade Rafael Valim, Augusto Neves Dal Pozzo, coordenadores
260 ## - PUBLICAÇÃO, DISTRIBUIÇÃO, ETC.
Local de publicação Belo Horizonte :
Editora Fórum,
Data 2015.
300 ## - DESCRIÇÃO FÍSICA
N. páginas ou volumes 266 p. :
Ilustrações il. ;
Dimensões 22 cm
490 1# - INDICAÇÃO DE SÉRIE
Título da série Coleção Fórum direito e infraestrutura ;
Volume/designação sequencial da série v. 2
504 ## - NOTA DE BIBLIOGRAFIA, ETC.
Nota de bibliografia Inclui bibliografia.
650 ## - ASSUNTO TÓPICO
Cabeçalho tópico ou nome geográfico Direito administrativo
650 ## - ASSUNTO TÓPICO
Cabeçalho tópico ou nome geográfico Licitações
Subdivisão de forma Legislação e normas
650 ## - ASSUNTO TÓPICO
Cabeçalho tópico ou nome geográfico Administração pública
Subdivisão geral Controle
Subdivisão geográfica Brasil
700 1# - ENTRADA SECUNDÁRIA -- NOME PESSOAL
Nome pessoal Valim, Rafael
Cód. do termo explicativo coord.
700 1# - ENTRADA SECUNDÁRIA -- NOME PESSOAL
Nome pessoal Dal Pozzo, Augusto Neves
Cód. do termo explicativo coord.
830 #0 - ENTRADA SECUNDÁRIA DE SÉRIE -- TÍTULO UNIFORME
Título uniforme Fórum direito e infraestrutura ;
Nº do volume/designação sequencial da série 2
942 ## - ELEMENTOS DE ENTRADA ADICIONAIS (KOHA)
Fonte de classificação ou esquema de arquivamento Classificação Decimal Universal
Tipo de item do Koha Livros
Holdings
Estado: removido Estado: perdido Fonte de classificação ou esquema de arquivamento Estado: danificado Indisponível para empréstimo Localização permanente Localização atual Data de aquisição Total Checkouts Número de Chamada completo Código de barras Date last seen Número do exemplar Preço efetivo a partir de Tipo de item (Koha)
    Classificação Decimal Universal     Biblioteca da Escola Superior de Contas do TCE/MT Biblioteca da Escola Superior de Contas do TCE/MT 28/06/2023   342.97(81) P963 BIBTCEMT23090091 27/09/2023 Ex. 1 27/09/2023 Livros

Powered by Koha